Rule of Law ako rozhodujúci faktor tranzitívnej spravodlivosti v konfliktných, resp. postkonfliktných štátoch na africkom kontinente?
Ozbrojené konflikty sú komplexným javom a výsledkom pôsobenia rôznych historických, politických, ekonomických, sociálnych a právnych faktorov. Pre africký kontinent platia rôzne faktory eskalácie (ako aj deeskalácie) ozbrojeného násilia, medzi ktoré napr. zaraďujeme kolonizáciu, multi-etnicitu, boj...
Enregistré dans:
| Auteur principal: | |
|---|---|
| Format: | Chapitre de livre |
| Langue: | slovaque |
| Sujets: | |
| Tags: |
Pas de tags, Soyez le premier à ajouter un tag!
|
MARC
| LEADER | 00000naa$a2200000$$$4500 | ||
|---|---|---|---|
| 001 | 0308874 | ||
| 005 | 20250606083033.5 | ||
| 041 | 0 | |a slo | |
| 044 | |a SK | ||
| 245 | 1 | 0 | |a Rule of Law ako rozhodujúci faktor tranzitívnej spravodlivosti v konfliktných, resp. postkonfliktných štátoch na africkom kontinente? |c Klaudia Hraníková Pyteľová |
| 520 | |a Ozbrojené konflikty sú komplexným javom a výsledkom pôsobenia rôznych historických, politických, ekonomických, sociálnych a právnych faktorov. Pre africký kontinent platia rôzne faktory eskalácie (ako aj deeskalácie) ozbrojeného násilia, medzi ktoré napr. zaraďujeme kolonizáciu, multi-etnicitu, boj o prírodné zdroje a zlú správu vecí verejných vrátane korupcie. Vplyv konfliktných situácií na sociálno-ekonomický rozvoj na africkom kontinente je ničivý, a práve z toho vyvstáva dôležitosť skúmania tejto problematiky aj skrz „rule of law“ optiku. | ||
| 610 | 2 | 0 | |a právo |
| 610 | 2 | 0 | |a politika |
| 610 | 2 | 0 | |a ekonomika |
| 610 | 2 | 0 | |a vzťahy medzinárodné |
| 610 | 2 | 0 | |a konflikty |
| 610 | 2 | 0 | |a Afrika |
| 100 | 1 | |a Hraníková Pyteľová, Klaudia, 1985- | |